Consecuencias del trabajo nocturno en el personal de enfermería en dos IPS de Cartagena. 2018 / (Registro nro. 3985)

Detalles MARC
000 -LEADER
fixed length control field 01726nam a2200253 4500
001 - CONTROL NUMBER
control field 0000010926
005 - DATE AND TIME OF LATEST TRANSACTION
control field 20250329165434.0
008 - FIXED-LENGTH DATA ELEMENTS--GENERAL INFORMATION
fixed length control field 180709s2018 000 0 eng d
040 ## - CATALOGING SOURCE
Original cataloging agency CO-CtgCURN
Language of cataloging spa
Transcribing agency coctgcurn
082 0# - DEWEY DECIMAL CLASSIFICATION NUMBER
Classification number ENF 2018
Item number A185
100 1# - MAIN ENTRY--PERSONAL NAME
Personal name Acosta Herrera, Elizabeth.
245 10 - TITLE STATEMENT
Title Consecuencias del trabajo nocturno en el personal de enfermería en dos IPS de Cartagena. 2018 /
Statement of responsibility, etc. Elizabeth Acosta Herrera; Emma Beatriz Soto Cuadro; María Teresa Navarro Arrieta; Asesor Humberto Doria.
260 ## - PUBLICATION, DISTRIBUTION, ETC.
Place of publication, distribution, etc. Cartagena de Indias :
Name of publisher, distributor, etc. Corporación Universitaria Rafael Núñez,
Date of publication, distribution, etc. 2018.
300 ## - PHYSICAL DESCRIPTION
Extent 120 h.
504 ## - BIBLIOGRAPHY, ETC. NOTE
Bibliography, etc. note Trabajo de grado (Enfermeria). Corporacion Universitaria Rafael Nuñez. Facultad de la Salud. Enfermeria, 2018.
520 ## - SUMMARY, ETC.
Summary, etc. El trabajo de cuidados en salud es imprescindible para cualquier sociedad moderna, y debe realizarse continuamente en las 24 horas del día. Sin embargo, cuando realizar trabajo en turnos nocturno implica una serie de potenciales consecuencias en quien lo realiza. OBJETIVO: Analizar las consecuencias que tiene el trabajo nocturno en las relaciones familiares, sociales y en la salud del personal de enfermería que trabajan en las IPS de Cartagena durante 2018.
650 #0 - SUBJECT ADDED ENTRY--TOPICAL TERM
Topical term or geographic name entry element Enfermeria
Form subdivision Tesis y disertaciones academicas.
700 1# - ADDED ENTRY--PERSONAL NAME
Personal name Soto Cuadro, Emma Beatríz.
700 1# - ADDED ENTRY--PERSONAL NAME
Personal name Navarro Arrieta, María Teresa.
700 1# - ADDED ENTRY--PERSONAL NAME
Personal name Doria, Humberto,
Relator term Asesor.
856 7# - ELECTRONIC LOCATION AND ACCESS
Uniform Resource Identifier <a href="https://unicurn.sharepoint.com/:b:/s/biblioteca/EcQqZhh2dRJKgDL6-7Hnl-wBqmMokqoWaQ7n92oaUFrOUg?e=2LXAw2">https://unicurn.sharepoint.com/:b:/s/biblioteca/EcQqZhh2dRJKgDL6-7Hnl-wBqmMokqoWaQ7n92oaUFrOUg?e=2LXAw2</a>
Public note Click aqui para ver el recurso en texto completo
942 ## - ADDED ENTRY ELEMENTS (KOHA)
Source of classification or shelving scheme Dewey Decimal Classification
Koha item type Trabajos de grado
Classification part ENF 2018
Item part A185
Existencias
Withdrawn status Lost status Source of classification or shelving scheme Damaged status Not for loan Collection Home library Current library Shelving location Date acquired Source of acquisition Cost, normal purchase price Inventory number Total checkouts Full call number Barcode Date last seen Copy number Price effective from Koha item type
    Dewey Decimal Classification     Trabajos de grado Miguel Henríquez Emiliani Miguel Henríquez Emiliani Trabajo de grado 03/29/2025 El autor 350000.00 022356   ENF 2018 A185 022356 09/10/2018 1 09/10/2018 Trabajos de grado